Titre son (rap fr edition) - Statistiques

Statistiques générales
  • Ce quiz a été pris 150 fois
  • Le résultat moyen est 5 sur 20
Statistiques - réponses
Titre Artiste % Correct
Madrina Maes
96%
Jusqu’a minuit Ninho
80%
Pinocchio Booba
74%
Rosa Gradur
67%
San pellegrino Chily
46%
Petit coeur 13 block
31%
Testament Rohff
27%
Aigle Alkpote
19%
Mektoub Sadek
16%
Fendi love Guy2bezbar
15%
Pepe anglais Zuukou mayzie
15%
Laisse moi te dire Mac tyer
6%
12e lettre Lino
5%
L’oeil du mensonge Nessbeal
5%
Rose noire Frenetik
2%
Mauvaise ecole Kool shen
2%
Le sang et le pain VII
2%
Vrai Junior bvndo
1%
Le fardeau Keny arkana
1%
Mauvais melange Nyda
1%
Aucun quiz correspondant
Distribution des résultats
% des personnes avec chaque résultat
Percentile par nombre de réponses
Votre historique - résultats
Vous n’avez pas pris ce quiz